International yearbook of industrial statistics 2011.
| Corporate Author: | |
|---|---|
| Format: | Book |
| Published: |
Cheltenham:
Edward Elgar,
2011.
|
| Subjects: |
| LEADER | 00480cam a2200145 7i4500 | ||
|---|---|---|---|
| 001 | 0000028768 | ||
| 005 | 20130314090000.0 | ||
| 020 | 0 | 0 | |a 9780857930224 |
| 090 | 0 | 0 | |a STAT 338.6 |b UNI |
| 110 | 2 | 0 | |a United Nations Industrial Development Organization (UNIDO) |
| 245 | 2 | 0 | |a International yearbook of industrial statistics 2011. |
| 260 | 0 | 0 | |a Cheltenham: |b Edward Elgar, |c 2011. |
| 300 | # | # | |a 760 p. |
| 650 | 0 | 0 | |a Industrial -- |x Statistics |
| 999 | |a B000032101 |b Book |c Statistics |e Business Information Centre | ||


